00693cam a2200229u 45000010005000000030008000050050017000130080039000300350018000690400028000870410008001150820025001231000052001482450082002002600042002823000031003244900039003555040020003946500019004146500012004337000018004459712BD-RjUL20211208234825.0140121s1969 enka 001 0 eng a(BD-RjUL)9757 aDLCcCarPdBD-RjULbeng aeng04220a541.28bHUA 19692 aHume-Rothery, Williamd1899- [from old catalog]10aAtomic theory for students of metallurgy /cWilliam Hume-Rothery, B. R. Coles aLondon :bInstitute of Metals,c1969. ax, 428p. :bill. ;c22 cm.1 aMonograph and report seriesvno. 3 aIncludes index. 0aAtomic theory. 0aMetals. aColes, B. R.